Normal view
MARC view
- Rivera Marín, Guadalupe,
Entry Nombre Personal
001 - NUMERO DE CONTROL
- campo de control: 43665
003 - IDENTIFICADOR DE NUMERO DE CONTROL
- campo de control: DLC
005 - FECHA Y HORA DE LA ÜLTIMA TRANSACCIÓN
- campo de control: 20220210194355.0
008 - DATOS DE LONGITUD FIJA
- campo de control de longitud fija: 910329n| azannaabn |a aaa
010 ## - NÚMERO DE CONTROL DE LA BIBLIOTECA DEL CONGRESO
- Número de control LC: n 91031161
040 ## - FUENTE DE CATALOGACIÓN
- Agencia original de catalogación: DLC
- Lenguaje de catalogación: spa
- Agencia de transcripción: DLC
- Agencia que lo modifica: DLC
- Agencia que lo modifica: UPB
- Agencia que lo modifica: OCoLC
- Agencia que lo modifica: ICrlF
- Agencia que lo modifica: MX-MxUPN
053 #0 - NÚMERO DE CLASIFICACIÓN LC
- Número de clasificación elemento-número único o número inicial de tramo: PQ7298.28.I8985
100 1# - ENCABEZAMIENTO - NOMBRE PERSONAL
- Nombre personal: Rivera Marín, Guadalupe,
- Fechas asociadas con el nombre: 1924-
400 1# - VEÁSE - NOMBRE DE PERSONA
- Personal name: Rivera, Guadalupe,
- Dates associated with a name: 1924-
400 1# - VEÁSE - NOMBRE DE PERSONA
- Personal name: Rivera Marín de Iturbe, Guadalupe,
- Dates associated with a name: 1924-
670 ## - FUENTE EN LA QUE SE LOCALIZARON DATOS
- Cita de la fuente: Un río, dos Riveras, 1989:
- Información localizada: portada (Guadalupe Rivera Marín) página 10 (fecha de nacimiento: 1924)
670 ## - FUENTE EN LA QUE SE LOCALIZARON DATOS
- Cita de la fuente: Frida's fiesta, 1994:
- Información localizada: portada. (Guadalupe Rivera)
670 ## - FUENTE EN LA QUE SE LOCALIZARON DATOS
- Cita de la fuente: La propiedad territorial en México, 1301-1810, 1983:
- Información localizada: portada (Guadalupe Rivera Marín de Iturbe)
902 ## - CATALOGADOR
- Catalogador: VRC/100222
